| 000 | 00501nam a2200181 a 4500 | ||
|---|---|---|---|
| 001 | 4315 | ||
| 003 | CDMR | ||
| 005 | 20130517121826.0 | ||
| 008 | 130130s1991||||||||||||||||||||||||||||d | ||
| 040 |
_aCDMR _bcat _cCDMR |
||
| 245 | 0 | _aDiccionario de ciencias y técnicas de la comunicación | |
| 260 |
_aMadrid _c1991 _bEdiciones Paulinas |
||
| 300 |
_a1371 p ; _c20 cm |
||
| 490 | 0 | _aDiccionarios EP | |
| 650 | 0 | 4 |
_93463 _aComunicació _xDiccionaris |
| 700 | 1 |
_aBenito, Ángel _edir. _9631 |
|
| 942 |
_cMON _2udc |
||
| 999 |
_c4315 _d4315 |
||